00400nam a2200145Ia 4500003000400000005001700004008004100021040001800062041000800080100004000088110002300128245004700151260001400198710004200212OSt20260318121712.0211028s2018 xx 000 0 und d cAIMIT LIBRARY aeng aFaria, Ransom; B, Santhosh.g151722 aSanthosh Bappalige aManagement information system for school / aGoac2018 aOnline Productivity solutions Pvt Ltd